Luis XI

Guardat en:
Dades bibliogràfiques
Autor principal: Bailly, Auguste (Autor)
Format: Llibre
Idioma:espanyol
Publicat: Santiago Ultra 1938
Matèries:
Etiquetes: Afegir etiqueta
Sense etiquetes, Sigues el primer a etiquetar aquest registre!

MARC

LEADER 00000cam a2200000 a 4500
001 UCX0161
003 CL-VaPUC
008 890823e19380000CL |||||||||||||||||spa|d
082 0 4 |a 944.027  |b BAI  |2 21 
100 0 |a Bailly, Auguste  |e author  |9 315558 
245 1 0 |a Luis XI 
300 |a 350 p 
942 |c BK 
945 |d 19890823 00:00:00 
260 |a Santiago  |b Ultra  |c 1938 
600 0 7 |a LUIS XI  |2 CL-VaPUC  |9 315559 
650 0 |a Biografías  |9 255210 
650 0 |a Monarquía   |9 255259 
583 |a last modification  |c 20150113 05:15:22  |k Rodrigo Vera 
999 |c 221865  |d 221863 
952 |0 0  |1 0  |4 0  |6 944_027000000000000_BAI_1938  |7 0  |8 X  |9 215861  |a BIBHIS  |b BIBHIS  |d 2019-11-15  |i 284396K  |o 944.027 BAI 1938  |p 284396K  |r 2024-01-30  |w 2019-11-15  |y BK_X  |k HIS 
952 |0 0  |1 0  |3 erb  |4 0  |6 944_027000000000000_BAI_1938  |7 0  |8 X  |9 215862  |a FDOBUD  |b FDOBUD  |d 2019-11-15  |i 4998235  |o 944.027 BAI 1938  |p 4998235  |r 2019-11-15  |w 2019-11-15  |y BK_X  |z Catalogado en:20130829  |k BUD